Memoria anual 2002

Tallennettuna:
Bibliografiset tiedot
Yhteisötekijä: Fundación Pehuén (Tekijä)
Aineistotyyppi: Kirja
Kieli:espanja
Julkaistu: Santiago Fyrma Grafica 2003
Aiheet:
Tagit: Lisää tagi
Ei tageja, Lisää ensimmäinen tagi!

MARC

LEADER 00000nam a2200000 a 4500
001 UCL0945
003 CL-VaPUC
008 030825e20030000cl |||||||||||||||||spa|d
082 0 4 |a 338.983  |b FUN  |2 21 
110 2 |a Fundación Pehuén  |e author  |9 477726 
245 1 0 |a Memoria anual 2002 
300 |a 36 p 
942 |c BK 
945 |d 20030825 00:00:00  |a cmena 
260 |a Santiago  |b Fyrma Grafica  |c 2003 
650 0 |a Desarrollo económico y social   |9 256320 
650 0 |a Proyectos de inversión   |9 261065 
650 0 |a Mapuche   |9 344248 
650 7 |a PEHUENCHE  |2 CL-VaPUC  |9 477727 
650 0 |a Tradición oral   |9 321175 
650 7 |a FOLKLORE  |2 CL-VaPUC  |9 268291 
583 |a last modification  |c 20171011 02:10:58  |k Rodrigo Vera 
999 |c 304668  |d 304666 
952 |0 0  |1 0  |4 0  |6 338_983000000000000_FUN_2003  |7 0  |8 X  |9 367309  |a FDOMLP  |b FDOMLP  |d 2019-11-21  |i 3933261  |o 338.983 FUN 2003  |p 3933261  |r 2019-11-21  |w 2019-11-21  |y BK_X  |k BU2